Mittelalter A-Z - Statistiken

Allgemein
  • Dieses Quiz wurde 183 mal gespielt
  • Das Durchschnittsergebnis liegt bei 15 aus 26
Antwortstatistiken
Hinweis Antwort % Korrekt
B Militärische Befestigung, welche auch repräsentative Zwecke für ihre Erbauer haben konnte Burg
96%
G Kunst- und Architekturstil des Hoch- und Spätmittelalters mit charakteristischen Spitzbögen Gotik
84%
P Seuche, welche in den 1340er Jahren große Teile Europas tötete Pest
82%
H Kaufmannsbund, welcher u.a. Kontore in London und Brügge unterhält und sogar Kriege und Boykotte durchführt Hanse
76%
V Bedeutende italienische Handelsstadt, welche u.a. die Flotte für den vierten Kreuzzug stellte Venedig
74%
F Bettelorden, der 1210 von einem namensgebenden Heiligen in Assisi gegründet wurde Franziskaner
73%
A Stadt in Südfrankreich, welche im 14. Jahrhundert Sitz des Papsttums ist Avignon
71%
O Erster Ostfränkischer Kaiser, der die Ungarneinfälle mit der Schlacht auf dem Lechfeld beendete Otto I
71%
E Skandinavischer Seefahrer, der Grönland entdeckte Erik der Rote
67%
X Stadt am Niederrhein, in der laut Nibelungenlied der Drachentöter Siegfried geboren wurde Xanten
63%
N Bezeichnung von skandinavisch-stämmige Menschen, welche ein Herzogtum in Nordfrankreich und das Königreich Sizilien erkämpfen konnten Normannen
62%
Z Städtische Berufsgenossenschaften, die teilweise auch politische und militärische Bedeutungen erlangen konnten Zünfte
60%
J Kreuzfahrerorden, welcher ein Hospital in Jerusalem betrieb und später die Herrschaft in Zypern, Rhodos und Malta übernahm Johanniterorden
58%
R Stadt, in die die deutschen Könige für ihre Kaiserkrönung reisen mussten Rom
58%
W Aus Nordfrankreich stammender Herzog, welcher durch die Schlacht von Hastings zum König von England werden konnte Wilhelm der Eroberer
58%
Y Römerstadt in Nordengland, die im Mittelalter zum Sitz eines Erzbistums und wichtigen Handelsstadt in Großbritannien wurde York
58%
U Papst, welcher den Ersten Kreuzzug ausrief Urban II
56%
S Deutsches Kaisergeschlecht des 11. bis 13. Jahrhundert mit Kaisern wie Friedrich Barbarossa und Friedrich II Staufer
50%
M Hochmittelalterliche Liebeslyrik, die von Künstlern wie Walter von der Vogelweide oder Ulrich von Liechtenstein praktiziert wurde Minnesang
46%
Q Stadt mit bedeutendem Frauenstift, in der Heinrich I zum Ostfränkischen König gemacht wurde Quedlinburg
44%
D Landwirtschaftliches Fruchtwechselsystem, bei dem ein drittel der genutzten Fläche brach liegt Dreifelderwirtschaft
42%
L Norditalienischer Städtebund unter der Führung Mailands, welcher Friedrich Barbarossa besiegen konnte Lombardenbund
40%
I Konflikt zwischen Kaiser und Papst über das Recht zur Einsetzung von Bischöfen Investiturstreit
38%
T Ritterliches Turnierspiel, bei der zwei Ritter versuchen, den jeweils anderen mit einer Lanze zu treffen Tjost
25%
K Dualistische Glaubensgemeinschaft in Südfrankreich, die im Albigenserkreuzzug bekämpft wurde Katharer
23%
C Abtei in Burgund, aus der die Kirchenreform hervorging und in der die zeitweise größte Kirche der Welt stand Cluny
18%
Keine übereinstimmenden Quizze gefunden
Verteilung der Resultate
Anzahl Personen mit jedem Resultat
Perzentil nach korrekt beantworteten Fragen
Ihre Resultats-Entwicklung
Sie haben dieses Quiz noch nicht gespielt